Normal view
MARC view
Entry Personal Name
001 - CONTROL NUMBER
- control field: 12167
003 - CONTROL NUMBER IDENTIFIER
- control field: OSt
005 - DATE AND TIME OF LATEST TRANSACTION
- control field: 20170927153513.0
008 - FIXED-LENGTH DATA ELEMENTS
- fixed length control field: 170927|| aca||aabn | a|a d
040 ## - CATALOGING SOURCE
- Original cataloging agency: OSt
- Transcribing agency: OSt
100 ## - HEADING--PERSONAL NAME
- Personal name: Booth, Ernest S.
- Fuller form of name: (Ernest Sheldon)
670 ## - SOURCE DATA FOUND
- Source citation: Work cat.: (OSt)5852: Booth, Ernest S. (Ernest Sheldon), How to know the mammals, 1961
